[Event "POL-chT U19 2nd League"]
[Site "Szczyrk"]
[Date "2014.07.26"]
[Round "2.41"]
[White "Konopacka, Martyna"]
[Black "Momot, Weronika"]
[Result "1-0"]
[WhiteElo "1715"]
[BlackElo "1479"]
[PlyCount "67"]
[EventDate "2014.07.25"]
[EventType "team-swiss"]
[EventRounds "11"]
[EventCountry "POL"]
[SourceTitle "EXT 2015"]
[Source "ChessBase"]
[SourceDate "2014.11.20"]
[SourceVersion "1"]
[SourceVersionDate "2014.11.20"]
[SourceQuality "1"]
[WhiteTeam "Jaworzno JKSz MCKiS U19"]
[BlackTeam "Konin UKS Smecz U19"]
[WhiteTeamCountry "POL"]
[BlackTeamCountry "POL"]

1. e4 e6 2. d4 d5 3. Nc3 Nf6 4. exd5 exd5 5. Nf3 Bg4 6. Be2 Bd6 7. h3 Bh5 8. Bg5 c6 9. Ne5 Bxe2 10. Qxe2 0-0 11. 0-0-0 Re8 12. f4 Nbd7 13. Qf3 Qc7 14. Qg3 Nh5 15. Qh4 Nhf6 16. Rd3 Ne4 17. Nxe4 dxe4 18. Rg3 c5 19. Qg4 f6 20. Bh6 Nxe5 21. dxe5 fxe5 22. Bxg7 exf4 23. Be5+ Kf8 24. Qf5+ Qf7 25. Bxd6+ Re7 26. Bxe7+ Kxe7 27. Qxf7+ Kxf7 28. Rf1 Ke6 29. Rxf4 Ke5 30. Rgg4 e3 31. Re4+ Kf5 32. Rxe3 h5 33. Rf3+ Ke5 34. Rg5+ 1-0

[Event "POL-chT3 Wielkopolskie 1314"]
[Site "Poland"]
[Date "2014.01.05"]
[Round "5.12"]
[White "Choremska, Zuzanna"]
[Black "Momot, Weronika"]
[Result "1-0"]
[WhiteElo "1307"]
[BlackElo "1500"]
[PlyCount "51"]
[EventDate "2013.10.27"]
[EventType "team-tourn"]
[EventRounds "11"]
[EventCountry "POL"]
[SourceTitle "EXT 2015"]
[Source "ChessBase"]
[SourceDate "2014.11.20"]
[SourceVersion "1"]
[SourceVersionDate "2014.11.20"]
[SourceQuality "1"]
[WhiteTeam "Poznan UMKS Na Pieterku"]
[BlackTeam "Konin UKS Smecz"]
[WhiteTeamCountry "POL"]
[BlackTeamCountry "POL"]

1. e4 e6 2. d4 d5 3. Nc3 dxe4 4. Nxe4 Bd7 5. Nf3 Bc6 6. Bd3 Be7 7. 0-0 Nf6 8. Re1 0-0 9. b3 b6 10. Bb2 Bb7 11. c4 Nbd7 12. Qc2 Bxe4 13. Bxe4 Nxe4 14. Qxe4 Nf6 15. Qe3 Re8 16. Rad1 Qc8 17. Ne5 Qb7 18. Rd3 Rad8 19. Qf4 Bd6 20. Qg3 Bxe5 21. Qxe5 Kh8 22. Qg5 Rg8 23. d5 h6 24. Bxf6 Kh7 25. Rh3 Qc8 26. Bxg7 1-0

[Event "POL-chT 3rd League Wielkopolska 12/13"]
[Site "Poznan"]
[Date "2013.01.06"]
[Round "4.18"]
[White "Momot, Weronika"]
[Black "Napierala, Malgorzata"]
[Result "0-1"]
[WhiteElo "1439"]
[BlackElo "1751"]
[PlyCount "186"]
[EventDate "2012.11.25"]
[EventType "team-tourn"]
[EventRounds "11"]
[EventCountry "POL"]
[SourceTitle "EXT 2014"]
[Source "ChessBase"]
[SourceDate "2013.11.20"]
[SourceVersion "1"]
[SourceVersionDate "2013.11.20"]
[SourceQuality "1"]
[WhiteTeam "Konin UKS Smecz"]
[BlackTeam "Szamotuly Baszta"]
[WhiteTeamCountry "POL"]
[BlackTeamCountry "POL"]

1. c4 e5 2. g3 Nf6 3. Bg2 Bc5 4. Nc3 0-0 5. Nf3 Nc6 6. 0-0 d6 7. a3 a5 8. e3 Bg4 9. Qc2 h6 10. d3 Re8 11. Nd2 Qd7 12. Nde4 Nxe4 13. Bxe4 Rab8 14. Re1 Bf5 15. Bh1 Ne7 16. Bd2 c6 17. Na4 Qd8 18. b4 axb4 19. axb4 Bb6 20. c5 dxc5 21. Nxc5 Bxc5 22. Qxc5 Qxd3 23. Red1 Ng6 24. Bc3 Qe2 25. Rd2 Qg4 26. f3 Qg5 27. Rg2 Bh3 28. Rf2 Rbd8 29. f4 exf4 30. exf4 Qxc5 31. bxc5 Re3 32. Ba5 Rdd3 33. Bd2 Re7 34. Bg2 Bg4 35. Bf1 Rd5 36. Rb1 Red7 37. Bb4 Rd1 38. Rxd1 Rxd1 39. Kg2 Rb1 40. Ba5 Ne7 41. h3 Be6 42. Rd2 Bd5+ 43. Kf2 Rb3 44. Bg2 Rb5 45. Bb6 Bxg2 46. Kxg2 Nd5 47. Ba7 Ra5 48. Bb8 Rxc5 49. Bd6 Rc3 50. Kf2 b5 51. Rd4 Rc2+ 52. Kf3 f5 53. Rd1 Rc3+ 54. Kf2 b4 55. Be5 Rc2+ 56. Ke1 b3 57. Rb1 g5 58. Rxb3 gxf4 59. gxf4 Rc4 60. Rg3+ Kf7 61. Rg7+ Kf8 62. Rg6 Nxf4 63. Bxf4 Rxf4 64. Rxc6 Kg7 65. Ke2 Rh4 66. Rc3 Kg6 67. Kf2 Kg5 68. Rg3+ Kf4 69. Rf3+ Ke4 70. Re3+ Kd4 71. Rf3 f4 72. Kg2 Ke4 73. Kf2 Rh5 74. Ke2 Ra5 75. Rc3 Ra2+ 76. Kf1 f3 77. Rb3 Kf4 78. Rb7 Kg3 79. Rg7+ Kxh3 80. Rg6 h5 81. Rg7 h4 82. Rg6 Kh2 83. Rg4 h3 84. Rg7 Rg2 85. Rf7 Kg3 86. Rg7+ Kf4 87. Rf7+ Ke4 88. Re7+ Kd5 89. Rd7+ Ke6 90. Rh7 h2 91. Rh6+ Kd5 92. Rh5+ Ke4 93. Rh4+ Ke3 0-1

[Event "POL Olympiad U14"]
[Site "Walbrzych"]
[Date "2013.??.??"]
[Round "6.13"]
[White "Momot, Weronika"]
[Black "Klisz, Karolina"]
[Result "1-0"]
[WhiteElo "1460"]
[BlackElo "1342"]
[PlyCount "63"]
[EventDate "2013.04.??"]
[EventType "team-swiss"]
[EventRounds "9"]
[EventCountry "POL"]
[SourceTitle "EXT 2014"]
[Source "ChessBase"]
[SourceDate "2013.11.20"]
[SourceVersion "1"]
[SourceVersionDate "2013.11.20"]
[SourceQuality "1"]

1. c4 e6 2. g3 d5 3. Bg2 c6 4. Nf3 Nf6 5. 0-0 Bd6 6. Na3 0-0 7. Qc2 Nbd7 8. Rb1 dxc4 9. Nxc4 Bc7 10. b3 Re8 11. Bb2 b5 12. Ne3 Bb7 13. Nd4 Rc8 14. Nxb5 cxb5 15. Bxb7 Rb8 16. Bg2 Rc8 17. Qd1 Nb6 18. Bc6 Rf8 19. Bxb5 Bd6 20. Rc1 Qe7 21. d3 Nbd5 22. Nc4 Bc7 23. e4 Nb6 24. Ba3 Qd8 25. Bxf8 Qxf8 26. Nxb6 Bxb6 27. Rxc8 Qxc8 28. Bc4 e5 29. Qc1 Qh3 30. Ba6 h6 31. Qc8+ Qxc8 32. Bxc8 1-0

[Event "Solina Mind Sports U14 Girls op "]
[Site "Solina"]
[Date "2012.04.19"]
[Round "7"]
[White "Momot, Weronika"]
[Black "Popiel, Natalia"]
[Result "1-0"]
[WhiteElo "1449"]
[BlackElo "1376"]
[PlyCount "111"]
[EventDate "2012.04.15"]
[EventType "swiss"]
[EventRounds "9"]
[EventCountry "POL"]
[SourceTitle "EXT 2014"]
[Source "ChessBase"]
[SourceDate "2013.11.20"]
[SourceVersion "1"]
[SourceVersionDate "2013.11.20"]
[SourceQuality "1"]

1. Nf3 Nf6 2. g3 Nc6 3. c4 e6 4. Bg2 d5 5. cxd5 Nxd5 6. Nc3 Bb4 7. 0-0 0-0 8. a3 Bxc3 9. dxc3 h6 10. Qc2 f5 11. c4 Nf6 12. b4 e5 13. Bb2 e4 14. Rad1 Qe7 15. Nh4 Qf7 16. Bh1 g5 17. Ng2 Be6 18. Bxf6 Qxf6 19. Ne3 Rad8 20. Nd5 Bxd5 21. cxd5 Nd4 22. Qc4 Nxe2+ 23. Qxe2 Qf7 24. f3 Rxd5 25. Rxd5 Qxd5 26. fxe4 Qd4+ 27. Qf2 Qxf2+ 28. Rxf2 fxe4 29. Bxe4 b6 30. Rxf8+ Kxf8 31. b5 Ke7 32. Kf2 Kd6 33. Ke3 Kc5 34. a4 Kb4 35. Bc2 Kc5 36. Ke4 c6 37. Bd3 Kd6 38. bxc6 Kxc6 39. Kf5 Kd5 40. Kg6 Kd4 41. Bb5 Ke3 42. Kxh6 Kf3 43. Kxg5 Kg2 44. h4 Kxg3 45. h5 Kf3 46. h6 Ke4 47. h7 Kd5 48. h8Q Kc5 49. Qe5+ Kb4 50. Qd4+ Kb3 51. Qc4+ Ka3 52. Qc3+ Ka2 53. Bc4+ Kb1 54. Bb3 b5 55. Qc2+ Ka1 56. Qa2# 1-0

[Event "Solina Mind Sports U14 Girls op "]
[Site "Solina"]
[Date "2012.04.18"]
[Round "5"]
[White "Momot, Weronika"]
[Black "Stebel, Agata"]
[Result "0-1"]
[WhiteElo "1449"]
[BlackElo "1596"]
[PlyCount "122"]
[EventDate "2012.04.15"]
[EventType "swiss"]
[EventRounds "9"]
[EventCountry "POL"]
[SourceTitle "EXT 2014"]
[Source "ChessBase"]
[SourceDate "2013.11.20"]
[SourceVersion "1"]
[SourceVersionDate "2013.11.20"]
[SourceQuality "1"]

1. c4 g6 2. Nf3 Bg7 3. d4 Nf6 4. Nc3 d5 5. e3 0-0 6. Bd3 dxc4 7. Bxc4 c5 8. 0-0 cxd4 9. Nxd4 e5 10. Nf3 Nc6 11. Qxd8 Rxd8 12. h3 a6 13. Ng5 Rf8 14. Rd1 b5 15. Bb3 Bb7 16. Nd5 Nxd5 17. Bxd5 Rad8 18. Rd3 h6 19. Bxf7+ Rxf7 20. Rxd8+ Nxd8 21. Nxf7 Kxf7 22. Bd2 e4 23. Bc3 Bxc3 24. bxc3 Ne6 25. a4 Bc6 26. axb5 Bxb5 27. Rc1 Bd3 28. f3 Nc5 29. Kf2 Ke6 30. c4 Kd6 31. Ke1 Kc6 32. Kd1 Kb6 33. Ra1 Bxc4 34. Kc2 Bd3+ 35. Kc3 a5 36. Rd1 Kb5 37. Rd2 a4 38. Rb2+ Nb3 39. f4 Bc4 40. g4 Be6 41. Rb1 h5 42. gxh5 gxh5 43. h4 Kc6 44. Rb2 Kd6 45. Ra2 Bd7 46. Rg2 Bg4 47. Kb4 Nc1 48. Kxa4 Nd3 49. Kb5 Kd5 50. Rd2 Bf3 51. Rc2 Ke6 52. Rc6+ Kf5 53. Kc4 Kg4 54. Rg6+ Kxh4 55. Kd4 Nf2 56. f5 Ng4 57. f6 Nxf6 58. Rxf6 Kg5 59. Rf4 h4 60. Rxe4 Bxe4 61. Kxe4 Kg4 0-1

[Event "POL-chT3 Wielkopolska 1112"]
[Site "Poland"]
[Date "2012.??.??"]
[Round "6.6"]
[White "Brewka, Emilia"]
[Black "Momot, Weronika"]
[Result "0-1"]
[WhiteElo "1334"]
[BlackElo "1449"]
[PlyCount "100"]
[EventDate "2011.11.27"]
[EventType "team-tourn"]
[EventRounds "11"]
[EventCountry "POL"]
[SourceTitle "EXT 2014"]
[Source "ChessBase"]
[SourceDate "2013.11.20"]
[SourceVersion "1"]
[SourceVersionDate "2013.11.20"]
[SourceQuality "1"]
[WhiteTeam "Srem LKS Piast"]
[BlackTeam "Smecz Konin"]
[WhiteTeamCountry "POL"]
[BlackTeamCountry "POL"]

1. e4 e6 2. Nf3 d5 3. exd5 exd5 4. d4 Nf6 5. Bf4 c6 6. Nbd2 Bd6 7. Bg3 0-0 8. Be2 Bf5 9. Bxd6 Qxd6 10. 0-0 Nbd7 11. Nh4 Be6 12. Ndf3 h6 13. Bd3 Rfe8 14. Nf5 Bxf5 15. Bxf5 Ne4 16. h4 Rad8 17. Qd3 Qf4 18. Bh3 Ndf6 19. Rae1 Ng4 20. Bxg4 Qxg4 21. c3 Re6 22. Ne5 Qxh4 23. Qf3 Rf6 24. Qg4 Qxg4 25. Nxg4 Re6 26. Re3 Rde8 27. Rfe1 Ng5 28. Ne5 f5 29. Nd7 Rxe3 30. fxe3 f4 31. Ne5 fxe3 32. Rxe3 Ne4 33. Nd7 b6 34. g4 Re6 35. Kg2 Rd6 36. Nb8 Rg6 37. Kf3 Rf6+ 38. Kg2 Rf2+ 39. Kh3 Rxb2 40. Nxc6 Rxa2 41. Ne7+ Kh7 42. Nxd5 Ng5+ 43. Kg3 a5 44. Nxb6 a4 45. Nc4 a3 46. Re1 Rc2 47. Nxa3 Rxc3+ 48. Kf4 Rxa3 49. d5 Rd3 50. Re5 Rf3# 0-1

[Event "POL-chT3 Wielkopolska 1112"]
[Site "Poland"]
[Date "2012.??.??"]
[Round "4.36"]
[White "Momot, Weronika"]
[Black "Wesolowska, Katarzyna"]
[Result "0-1"]
[WhiteElo "1449"]
[BlackElo "1724"]
[PlyCount "80"]
[EventDate "2011.11.27"]
[EventType "team-tourn"]
[EventRounds "11"]
[EventCountry "POL"]
[SourceTitle "EXT 2014"]
[Source "ChessBase"]
[SourceDate "2013.11.20"]
[SourceVersion "1"]
[SourceVersionDate "2013.11.20"]
[SourceQuality "1"]
[WhiteTeam "Smecz Konin"]
[BlackTeam "Wolsztyn UKS Szach"]
[WhiteTeamCountry "POL"]
[BlackTeamCountry "POL"]

1. Nf3 d5 2. c4 c6 3. b3 Qb6 4. g3 g6 5. cxd5 cxd5 6. Bb2 Nf6 7. Bg2 Bg7 8. 0-0 0-0 9. Nc3 Nc6 10. Qc2 Bf5 11. d3 d4 12. Na4 Qd8 13. Qc5 Nd7 14. Qc2 Rc8 15. Ba3 b6 16. Qd2 Nde5 17. Rac1 Qd7 18. Rfd1 Rfd8 19. Nb2 Ng4 20. Qe1 b5 21. Bb4 a6 22. Rc2 Nxb4 23. Rxc8 Rxc8 24. Qxb4 Rc2 25. Rd2 Rc3 26. Qa5 Qd6 27. h3 Ne5 28. Nxe5 Bxe5 29. f4 Bg7 30. Kh2 e5 31. e3 Rc1 32. exd4 exf4 33. Rd1 fxg3+ 34. Kh1 Rc2 35. Rd2 Rxd2 36. Qxd2 Qxd4 37. Nd1 Qxd3 38. Qxd3 Bxd3 39. Bb7 Bd4 40. Bf3 Bf1 0-1

[Event "POL-chT3 Wielkopolska 1112"]
[Site "Poland"]
[Date "2012.??.??"]
[Round "9.36"]
[White "Murawa, Monika"]
[Black "Momot, Weronika"]
[Result "1/2-1/2"]
[WhiteElo "1509"]
[BlackElo "1449"]
[PlyCount "79"]
[EventDate "2011.11.27"]
[EventType "team-tourn"]
[EventRounds "11"]
[EventCountry "POL"]
[SourceTitle "EXT 2014"]
[Source "ChessBase"]
[SourceDate "2013.11.20"]
[SourceVersion "1"]
[SourceVersionDate "2013.11.20"]
[SourceQuality "1"]
[WhiteTeam "Rawicz Korona Rawbud"]
[BlackTeam "Smecz Konin"]
[WhiteTeamCountry "POL"]
[BlackTeamCountry "POL"]

1. e4 e6 2. d4 d5 3. exd5 exd5 4. c3 Nf6 5. Bg5 Bd6 6. Bd3 0-0 7. Ne2 h6 8. Bh4 c6 9. 0-0 Be6 10. Bg3 Re8 11. Re1 Nh5 12. Nd2 Nxg3 13. Nxg3 Nd7 14. Nf3 Bg4 15. Be2 Qb6 16. Qb3 Re7 17. Ne5 Qxb3 18. axb3 Bxe2 19. Nxd7 Rxd7 20. Rxe2 Re7 21. Rae1 Rae8 22. Kf1 g6 23. b4 Kg7 24. Rxe7 Rxe7 25. Rxe7 Bxe7 26. Ke2 f5 27. f4 Bd6 28. Kf3 Kf6 29. Ne2 g5 30. g3 b6 31. Ke3 a5 32. bxa5 bxa5 33. Kf3 c5 34. Ke3 c4 35. Kf3 a4 36. Ke3 g4 37. Kd2 h5 38. Nc1 Ke6 39. Kc2 Kd7 40. Ne2 1/2-1/2

[Event "POL-chT3 Wielkopolska 1112"]
[Site "Poland"]
[Date "2011.??.??"]
[Round "1.12"]
[White "Swiatnicka, Malgorzata"]
[Black "Momot, Weronika"]
[Result "1-0"]
[WhiteElo "1839"]
[BlackElo "1449"]
[PlyCount "71"]
[EventDate "2011.11.27"]
[EventType "team-tourn"]
[EventRounds "11"]
[EventCountry "POL"]
[SourceTitle "EXT 2014"]
[Source "ChessBase"]
[SourceDate "2013.11.20"]
[SourceVersion "1"]
[SourceVersionDate "2013.11.20"]
[SourceQuality "1"]
[WhiteTeam "Konin Hetman"]
[BlackTeam "Smecz Konin"]
[WhiteTeamCountry "POL"]
[BlackTeamCountry "POL"]

1. e4 e6 2. d4 d5 3. exd5 exd5 4. c4 c6 5. Nc3 Nf6 6. Nf3 Be7 7. Bd3 0-0 8. 0-0 Qc7 9. Bg5 Be6 10. cxd5 Nxd5 11. Bxe7 Qxe7 12. Re1 Qd6 13. Ng5 Nf6 14. Nxe6 fxe6 15. Qb3 Nd5 16. Rad1 b6 17. Ne4 Qe7 18. Bb1 Nd7 19. Qg3 N7f6 20. Ng5 Rae8 21. Rxe6 Qb4 22. Qe5 h6 23. Nh7 Kh8 24. Nxf8 Qxf8 25. Rxe8 Qxe8 26. Qxe8+ Nxe8 27. Re1 Nef6 28. Re6 Nb4 29. a3 Nbd5 30. Rxc6 Nf4 31. Rc8+ Ng8 32. Ba2 Kh7 33. Bxg8+ Kg6 34. d5 Kf6 35. Rf8+ Ke5 36. Rxf4 1-0

[Event "POL-chT4B 0910"]
[Site "Wielkoposka"]
[Date "2010.05.16"]
[Round "9"]
[White "Momot, Weronika"]
[Black "Dixa, Joanna"]
[Result "1-0"]
[WhiteElo "1400"]
[BlackElo "1250"]
[PlyCount "91"]
[EventDate "2010.01.10"]
[EventType "team-tourn"]
[EventRounds "9"]
[EventCountry "POL"]
[SourceTitle "EXT 2019"]
[Source "ChessBase"]
[SourceDate "2018.10.10"]
[SourceVersion "1"]
[SourceVersionDate "2018.10.10"]
[SourceQuality "1"]
[WhiteTeam "Konin UKS Smecz"]
[BlackTeam "Kalisz KTS"]
[WhiteTeamCountry "POL"]
[BlackTeamCountry "POL"]

1. c4 Nf6 2. Nc3 e6 3. g3 Bb4 4. Qc2 b6 5. Bg2 c6 6. Nf3 Bb7 7. 0-0 0-0 8. a3 Bxc3 9. Qxc3 d5 10. d3 Nbd7 11. b4 dxc4 12. dxc4 Qc7 13. Bf4 Qc8 14. Ne5 Nxe5 15. Bxe5 Rd8 16. Rad1 Rxd1 17. Rxd1 c5 18. Bxb7 Qxb7 19. Bxf6 gxf6 20. Qxf6 Rc8 21. Rd8+ Rxd8 22. Qxd8+ Kg7 23. Qg5+ Kf8 24. bxc5 Ke8 25. cxb6 axb6 26. Qb5+ Kd8 27. c5 Qc7 28. Qxb6 Qxb6 29. cxb6 Kc8 30. a4 Kb7 31. a5 e5 32. e4 f6 33. f4 exf4 34. gxf4 Ka6 35. e5 fxe5 36. fxe5 Kb7 37. e6 Kc8 38. a6 h5 39. e7 Kd7 40. b7 Kxe7 41. b8Q Kd7 42. a7 h4 43. a8Q h3 44. Qa6 Ke7 45. Qbb7+ Kd8 46. Qaa8# 1-0